000 00852nam a2200265Ia 4500
003 OSt
005 20240827101229.0
006 a|||||r|||| 00| 0
007 ta
008 220927b |||||||| |||| 00| 0 eng d
020 _c12183.6
024 _a126148
037 _b286, 23/02/2015, Classic Book Service
_cTextual
040 _aSDCL
_cSDCL
_beng
041 _2eng
_aeng
082 _aS, Q5
100 _aKraiger Kurt Ed.
_9467686
245 0 _aWiley blackwell handbook of the psychology of training,development and performance improvement
260 _aChichester
_bWiley
_c2015
300 _axvi;533p.
_ccm.
650 _aPsychology
700 _a Passmore Jonathan Ed.
_9467687
942 _hS, Q5
_cTEXL
_2CC
999 _c780550
_d780550